| 000 | 00831cam a22002413a 4500 | ||
|---|---|---|---|
| 001 | 14604 | ||
| 003 | PGUSA | ||
| 005 | 20140828083319.0 | ||
| 008 | 050105s2005||||xxu|||||s|||||000 | eng d | ||
| 040 |
_aPGUSA _beng |
||
| 042 | _adc | ||
| 050 | 4 | _aPE | |
| 100 | 1 |
_aFlom, George T. _q(George Tobias), _d1871-1960 |
|
| 245 | 1 | 0 |
_aScandinavian influence on Southern Lowland Scotch : _bA contribution to the study of the linguistic relations of English and Scandinavian _h[electronic resource] / _cGeorge T. Flom |
| 260 |
_bProject Gutenberg, _c2005 |
||
| 506 | _aPublic domain in the USA. | ||
| 516 | _aElectronic text | ||
| 653 | _aScots language | ||
| 653 | _aScots language -- Foreign words and phrases -- Scandinavian | ||
| 830 | 0 |
_aProject Gutenberg _v14604 |
|
| 856 | 4 | 0 | _uhttp://www.gutenberg.org/ebooks/14604 |
| 942 | _cEB | ||
| 999 |
_c243859 _d243859 |
||